|
|
|
|
| LEADER |
00753nab a2200181 i 4500 |
| 001 |
misc7310 |
| 005 |
20191106144237.0 |
| 008 |
170607s1897 hu o 0|| hun d |
| 022 |
|
|
|a 0025-0260
|
| 040 |
|
|
|a SZTE Miscellanea Repozitórium
|b hun
|
| 041 |
|
|
|a hun
|
| 100 |
1 |
|
|a Waldapfel János
|
| 245 |
1 |
0 |
|a Kármán Mór
|h [elektronikus dokumentum] :
|b huszonöt éves tanári munkássának ünnepére 1872-1897 /
|c Waldapfel János
|
| 260 |
|
|
|c 1897
|
| 300 |
|
|
|a 353-356
|
| 490 |
0 |
|
|a Magyar pedagógia : a Magyar Tudományos Akadémia Pedagógiai Bizottságának folyóirata
|v 6
|
| 695 |
|
|
|a Kármán Mór, Neveléstudomány magyar életmű életrajz 19. sz., Kármán Mór
|
| 856 |
4 |
0 |
|u http://misc.bibl.u-szeged.hu/7310/1/mp_1897_0456_353-356.pdf
|z Dokumentum-elérés
|